MARC

LEADER 00000nam0a2200000 4500
001 11765
005 20231226132736.0
035 |a (RuTPU)RU\TPU\book\11838 
035 |a BOOK00011904 
090 |a 11765 
100 |a 20011209d1998 m y0rusy50 ca 
101 0 |a eng 
102 |a RU 
105 |a y j 000zy 
200 1 |a Higher mathematics  |e textbook  |f K. P. Arefyev (Afef'ev, Arefiev) [et al.]  |g Tomsk Polytechnic University (TPU)  |h Part 1 
210 |a Tomsk  |c TPU Press  |d 1998 
215 |a 98 p. 
610 1 |a английский язык 
610 1 |a учебные пособия 
610 1 |a книги для чтения 
610 1 |a хрестоматии 
610 1 |a математика 
610 1 |a высшая математика 
610 1 |a труды учёных ТПУ 
675 |a 51(07)  |v 3 
686 |a Ш143.21-923.8  |2 rubbk 
701 1 |a Arefyev (Afef'ev, Arefiev)  |b K. P.  |c physicist  |c Professor of Tomsk Polytechnic University, Doctor of physical and mathematical sciences  |c A Corresponding Member of Russian Academy of Natural Sciences (RANS/RAEN)  |f 1947-  |g Konstantin Petrovich  |3 (RuTPU)RU\TPU\pers\29714  |4 070  |9 14208 
701 1 |a Boev  |b O. V. 
701 1 |a Nagornova  |b A. L. 
701 1 |a Stoljarova  |b G. P. 
701 1 |a Harlova  |b A. N. 
712 0 2 |a Tomsk Polytechnic University (TPU)  |3 (RuTPU)RU\TPU\col\452 
801 0 |a RU  |b 63413507  |c 20011209  |g PSBO 
801 2 |a RU  |b 63413507  |c 20160325  |g PSBO 
942 |c BK